Structural analysis. (9th edition in SI units) (Record no. 76903)

MARC details
000 -LEADER
fixed length control field 01463nam a2200241 a 4500
008 - FIXED-LENGTH DATA ELEMENTS--GENERAL INFORMATION
fixed length control field 190826s2018 ||||||||||||||||| || u
020 ## - INTERNATIONAL STANDARD BOOK NUMBER
International Standard Book Number 9789332586147
050 ## - LIBRARY OF CONGRESS CALL NUMBER
Classification number TA 645 Hib
100 ## - MAIN ENTRY--PERSONAL NAME
Personal name Yap, Kai Beng
245 10 - TITLE STATEMENT
Title Structural analysis. (9th edition in SI units)
Statement of responsibility, etc. By R.C. Hibbeler ; SI conversion by Kai Beng Yap
250 ## - EDITION STATEMENT
Edition statement 9th edition in SI units
260 ## - PUBLICATION, DISTRIBUTION, ETC.
Place of publication, distribution, etc. Uttar Pradesh
Name of publisher, distributor, etc. Pearson India Education Services
Date of publication, distribution, etc. 2018
300 ## - PHYSICAL DESCRIPTION
Extent xx, 691 pages: illustrations
350 ## -
-- 36.35
650 ## - SUBJECT ADDED ENTRY--TOPICAL TERM
Topical term or geographic name entry element STRUCTURAL ANALYSIS (ENGINEERING)--ARCHITECTURE
650 ## - SUBJECT ADDED ENTRY--TOPICAL TERM
Topical term or geographic name entry element ARCHITECTURAL DESGN--EVALUATION
700 ## - ADDED ENTRY--PERSONAL NAME
Personal name Hibbeler, R. C
995 ## -
-- MAIN LIBRARY OPEN ACCESS
-- 749551
-- CBU-MAIN LIBRARY (Kitwe)
-- 36.35
-- TA 645 Hib
-- 5
-- AVAILABLE
-- Aug 26, 2019
-- 749551
-- Main Library Open Access Collection
995 ## -
-- MAIN LIBRARY OPEN ACCESS
-- 749550
-- CBU-MAIN LIBRARY (Kitwe)
-- 36.35
-- TA 645 Hib
-- 3
-- AVAILABLE
-- Aug 26, 2019
-- 749550
-- Main Library Open Access Collection
995 ## -
-- MAIN LIBRARY OPEN ACCESS
-- 749552
-- CBU-MAIN LIBRARY (Kitwe)
-- 36.35
-- TA 645 Hib
-- 1
-- AVAILABLE
-- Aug 26, 2019
-- 749552
-- Main Library Open Access Collection
995 ## -
-- MAIN LIBRARY OPEN ACCESS
-- 749553
-- CBU-MAIN LIBRARY (Kitwe)
-- 36.35
-- TA 645 Hib
-- 2
-- AVAILABLE
-- Aug 26, 2019
-- 749553
-- Main Library Open Access Collection
995 ## -
-- MAIN LIBRARY OPEN ACCESS
-- 749549
-- CBU-MAIN LIBRARY (Kitwe)
-- 36.35
-- TA 645 Hib
-- 4
-- AVAILABLE
-- Aug 26, 2019
-- 749549
-- Main Library Open Access Collection
999 ## -
-- 76903
-- 76903
Holdings
Withdrawn status Lost status Source of classification or shelving scheme Damaged status Not for loan Permanent Location Current Location Shelving location Date acquired Total Checkouts Full call number Barcode Date last seen Copy number Price effective from Koha item type Total Renewals Date last checked out
          CBU-MAIN LIBRARY, KITWE. CBU-MAIN LIBRARY, KITWE.   04/25/2023   TA 645 Hib 749551 04/25/2023 1 04/25/2023 MONOGRAPH    
          CBU-MAIN LIBRARY, KITWE. CBU-MAIN LIBRARY, KITWE.   04/25/2023 2 TA 645 Hib 749550 08/25/2025 2 04/25/2023 MONOGRAPH 2 05/02/2025
          CBU-MAIN LIBRARY, KITWE. CBU-MAIN LIBRARY, KITWE.   04/25/2023   TA 645 Hib 749552 04/25/2023 3 04/25/2023 MONOGRAPH    
          CBU-MAIN LIBRARY, KITWE. CBU-MAIN LIBRARY, KITWE.   04/25/2023   TA 645 Hib 749553 04/25/2023 4 04/25/2023 MONOGRAPH    
          CBU-MAIN LIBRARY, KITWE. CBU-MAIN LIBRARY, KITWE.   04/25/2023   TA 645 Hib 749549 04/25/2023 5 04/25/2023 MONOGRAPH